| 000 | 00951cam a2200241 i 4500 | ||
|---|---|---|---|
| 003 | SA-RiAUC | ||
| 005 | 20251112124058.0 | ||
| 008 | 251109s1987 su g 00000 ara c | ||
| 040 |
_aSA-RiAUC _bara _cSA-RiAUC _erda |
||
| 082 | 0 | 4 |
_a251.6 _qSA-RiAUC |
| 090 |
_a251.6 _bهـ ن د |
||
| 100 | 1 |
_aالهندي، علي بن محمد بن عبد العزيز، _d1330-1419 هجري _eمؤلف. |
|
| 245 | 1 | 2 |
_aالتحفة السنية في الفوائد والقواعد الفقهية / _cعلي بن محمد الهندي. |
| 250 | _aالطبعة الأولى. | ||
| 264 | 1 |
_aجدة : _bدار القبلة للثقافة الإسلامية، _c1987 |
|
| 300 |
_a131 صفحة ؛ _c20 سم |
||
| 336 |
_aنص _btxt _2rdacontent _3كتاب |
||
| 337 |
_aبدون وسيط _bn _2rdamedia |
||
| 338 |
_aمجلد _bnc _2rdacarrier |
||
| 650 | 7 |
_aالفقه الحنبلي _2aucsh |
|
| 942 |
_2ddc _cBOOK _n0 |
||
| 949 |
_aSA-JeALM _d251109 _umohamedma123 _n1 |
||
| 999 |
_c13207 _d13207 |
||